Thành công trước tuổi ba mươi: Để trở thành nhà quản lý tài chính giỏi
Saved in:
| Main Author: | |
|---|---|
| Format: | Book |
| Language: | Undetermined |
| Published: |
Hà Nội
Thống kê
2002
|
| Subjects: | |
| Tags: |
Add Tag
No Tags, Be the first to tag this record!
|
| Institutions: | Trung tâm Học liệu Trường Đại học Cần Thơ |
|---|
| LEADER | 00642nam a2200193Ia 4500 | ||
|---|---|---|---|
| 001 | CTU_51134 | ||
| 008 | 210402s9999 xx 000 0 und d | ||
| 020 | |b 21000 | ||
| 082 | |a 658.151 | ||
| 082 | |b Ph110 | ||
| 100 | |a La Kiến Phát | ||
| 245 | 0 | |a Thành công trước tuổi ba mươi: Để trở thành nhà quản lý tài chính giỏi | |
| 245 | 0 | |c La Kiến Phát; Cát Tường biên dịch | |
| 260 | |a Hà Nội | ||
| 260 | |b Thống kê | ||
| 260 | |c 2002 | ||
| 650 | |a financial management,success in business | ||
| 904 | |i Minh | ||
| 980 | |a Trung tâm Học liệu Trường Đại học Cần Thơ | ||